KOHA-Header-6

Generalist case management : (Record no. 13286)

000 -LEADER
fixed length control field 00827cam a2200241 i 4500
020 ## - INTERNATIONAL STANDARD BOOK NUMBER
ISBN 1305947215
020 ## - INTERNATIONAL STANDARD BOOK NUMBER
ISBN 9781305947214
082 04 - DEWEY DECIMAL CLASSIFICATION NUMBER
Classification number 361.3/2
Item number 10364
100 1# - MAIN ENTRY--AUTHOR NAME
Personal name Woodside, Marianne.
245 10 - TITLE STATEMENT
Title Generalist case management :
Remainder of title a method of human service delivery /
Statement of responsibility, etc Marianne Woodside, Tricia McClam, University of Tennessee.
250 ## - EDITION STATEMENT
Edition statement Fifth edition
260 ## - PUBLICATION, DISTRIBUTION, ETC. (IMPRINT)
Place of publication USA
Name of publisher CENGAGE
Year of publication 2018
300 ## - PHYSICAL DESCRIPTION
Number of Pages xx, 460 pages :
Other physical details illustrations ;
505 0# - FORMATTED CONTENTS NOTE
Formatted contents note Introduction to case management -- The case management process -- Working within the social service delivery system.
650 #0 - SUBJECT ADDED ENTRY--TOPICAL TERM
Topical Term Social case work
650 #0 - SUBJECT ADDED ENTRY--TOPICAL TERM
Topical Term Human services
650 #7 - SUBJECT ADDED ENTRY--TOPICAL TERM
Topical Term Human services.
650 #7 - SUBJECT ADDED ENTRY--TOPICAL TERM
Topical Term Social case work.
650 #7 - SUBJECT ADDED ENTRY--TOPICAL TERM
Topical Term Case Management
650 #7 - SUBJECT ADDED ENTRY--TOPICAL TERM
Topical Term Soziale Dienstleistung
700 1# - ADDED ENTRY--PERSONAL NAME
Personal name McClam, Tricia.
942 ## - ADDED ENTRY ELEMENTS (KOHA)
Koha item type Calculus
Holdings
Withdrawn status Lost status Permanent Location Current Location Shelving location Date acquired Full call number Accession Number Koha item type
    MAJU MAJU Shelf No.A13 2022-05-07 361.3/2 10364 Calculus

Powered by Koha